Marvel Franchises - Statistics

General Stats
  • This quiz has been taken 89 times
    24 since last reset
  • The average score is 15 of 20
Answer Stats
Hint Movie Franchise % Correct
2008-2013 Iron Man
100%
2002-2007 Spider-Man
100%
2017-2026 Spider-Man
100%
2012-2014 The Amazing Spider-Man
100%
2011-2025 Captain America
95%
2012-2027 The Avengers
90%
2011-2022 Thor
85%
2000-2019 X-Men
85%
2015-2023 Ant-Man
80%
2016-2022 Doctor Strange
80%
2005-2007 Fantastic Four
80%
2014-2023 Guardians of the Galaxy
80%
2018-2022 Black Panther
75%
2019-2023 Captain Marvel
75%
2016-2024 Deadpool
65%
1998-2004 Blade
55%
2009-2017 Wolverine
45%
2007-2012 Ghost Rider
35%
2018-2024 Venom
25%
2018-2027 Spider-Verse
20%
No matching quizzes found
Score Distribution
Percent of People with Each Score
Percentile by Number Answered
Your Score History
You have not taken this quiz since the last reset